| 000 | 00736nam a22002057a 4500 | ||
|---|---|---|---|
| 008 | 250701b |||||||| |||| 00| 0 eng d | ||
| 020 | _a9781953349200 | ||
| 040 | _aMksU | ||
| 050 |
_aHD 38.6 _b.L53 2021 |
||
| 100 | _aLiberatore, Matthew J. | ||
| 245 |
_aSupply chain planning : _bpractical frameworks for superior performance / _cMatthew J. Liberatore and Tan C. Miller. |
||
| 250 | _a2nd ed. | ||
| 260 |
_aNew York, NY : _bBusiness Expert Press, _c2021. |
||
| 300 |
_axi, 175p. : _bill; _c23cm. |
||
| 504 | _aIncludes bibliographical references and index. | ||
| 650 | _aBusiness logistics. | ||
| 650 | _aSupply chain management. | ||
| 650 | _aIndustrial management. | ||
| 942 |
_2lcc _hHD 38.6 .L53 2021 _cBOOKS |
||
| 999 |
_c32263 _d32263 |
||